| Tag |
First Indicator |
Second Indicator |
Subfields |
| LEADER |
00000cam a2200000 a 4500 |
| 001 |
in00002139491 |
| 006 |
m e d # |
| 007 |
cr mn mmmmabba |
| 008 |
830906s1774 pau s 000 0 eng d |
| 005 |
20260331161558.8 |
| 035 |
|
|
|z t033357
|
| 035 |
|
|
|z w031996
|
| 035 |
|
|
|a MAAR8309061905B
|
| 035 |
|
|
|9 mwa91-52489
|
| 035 |
|
|
|a 317223
|
| 035 |
|
|
|a aas03031996
|
| 040 |
|
|
|a MWA
|c MWA
|e bdrb
|d UtOrBLW
|
| 100 |
1 |
|
|a Dickinson, John,
|d 1732-1808.
|
| 245 |
1 |
3 |
|a An essay on the constitutional power of Great-Britain over the colonies in America :
|b with the resolves of the committee for the province of Pennsylvania, and their instructions to their representatives in Assembly.
|
| 264 |
|
3 |
|a Philadelphia :
|b Printed and sold, by William and Thomas Bradford, at the London Coffee-House,
|c M.DCC.LXXIV. [1774]
|
| 300 |
|
|
|a vii, 1 unnumbered page, 127 pages, 1 unnumbered page ;
|c 22 cm. (octavo)
|
| 336 |
|
|
|a text
|b txt
|2 rdacontent
|
| 337 |
|
|
|a computer
|b c
|2 rdamedia
|
| 338 |
|
|
|a online resource
|b cr
|2 rdacarrier
|
| 500 |
|
|
|a Attributed to John Dickinson in the Dictionary of American biography.
|
| 500 |
|
|
|a "Two states of signatures K-M noted, may be distinguished by catchwords on page 81, 'stature' and 'ture.'"--Adams.
|
| 500 |
|
|
|a "Errata." and "Appendix."--page [128].
|
| 510 |
4 |
|
|a Evans
|c 13247
|
| 510 |
4 |
|
|a Hildeburn, C.R. Pennsylvania,
|c 3003
|
| 510 |
4 |
|
|a Adams, T.R. Amer. pamphlets,
|c 110a
|
| 530 |
|
|
|a Microform version available in the Readex Early American Imprints series.
|
| 533 |
|
|
|a Electronic text and image data.
|b [Chester, Vt. :
|c Readex, a division of Newsbank, Inc.,
|d 2002-2004.
|e Includes files in TIFF, GIF and PDF formats with inclusion of keyword searchable text.
|f (Early American imprints. First series ; no. 13247).
|
| 500 |
|
|
|a Electronic resource.
|
| 651 |
|
0 |
|a Great Britain
|x Colonies
|z America.
|
| 651 |
|
0 |
|a Pennsylvania
|x Politics and government
|y 1775-1783.
|
| 651 |
|
0 |
|a United States
|x Politics and government
|y 1775-1783.
|
| 710 |
1 |
|
|a Pennsylvania.
|b Provincial Convention (1774)
|
| 752 |
|
|
|a United States
|b Pennsylvania
|d Philadelphia.
|
| 830 |
|
0 |
|a Early American imprints.
|n Series I,
|p Evans (1639-1800) ;
|v no. 13247.
|
| 856 |
4 |
1 |
|u http://proxy.library.tamu.edu/login?url=https://opac.newsbank.com/select/evans/13247
|y Evans Digital Edition
|t 0
|
| 999 |
|
|
|a MARS
|
| 999 |
f |
f |
|s 4293e3bd-8202-362a-b704-19be2e22c87d
|i d379e7d7-8301-3f3d-b154-2bc9e2d2915b
|t 0
|
| 952 |
f |
f |
|a Texas A&M University
|b College Station
|c Electronic Resources
|s www_evans
|d Available Online
|t 0
|h No information provided
|
| 998 |
f |
f |
|t 0
|l Available Online
|